000 00698nam a2200229Ia 4500
003 OSt
005 20221005120420.0
006 a|||||r|||| 00| 0
007 ta
008 221004b |||||||| |||| 00| 0 eng d
024 _a51704
037 _cTextual
040 _aCRL
_cCRL
_beng
041 _2eng
_aeng
082 _aQ4:67, A
100 _aHardy R.Spence
_9466952
245 0 _aEastern Monachism
_b An account of the origin, laws, discipline, sacred writings, mysterious rites, religious ceremonies, and present circumstances of the order of medicants
260 _c1870
650 _aRELIGION
942 _hQ4:67, A
_cTEXL
_2cc
999 _c1037952
_d1037952